LEADER 01013nam0-22003131i-450- 001 990001607720403321 005 20080402101953.0 035 $a000160772 035 $aFED01000160772 035 $a(Aleph)000160772FED01 035 $a000160772 100 $a20030910d1934----km-y0itay50------ba 101 0 $aita 102 $aIT 105 $ay-------001yy 200 1 $aCenni intorno alle anticipazioni sul grano e agli ammassi granari con speciale riguardo alle regioni triveneta$fLuigi Pagani 210 $aVenezia$cIstituto Federale delle Casse di Risparmio$d1934 215 $a210 p.$d21 cm 610 0 $aPrezzi 610 0 $aGrano 676 $a338.526 700 1$aPagani,$bLuigi$c$0431544 801 0$aIT$bUNINA$gRICA$2UNIMARC 901 $aBK 912 $a990001607720403321 952 $a60 338.526 C 2$b15344$fFAGBC 959 $aFAGBC 996 $aCenni intorno alle anticipazioni sul grano e agli ammassi granari con speciale riguardo alle regioni triveneta$9368684 997 $aUNINA LEADER 01308nam0 22002891i 450 001 UON00021102 005 20231205102019.290 100 $a20020107r19441981 |0itac50 ba 101 $aita 102 $aIT 105 $a||||Y ||||| 200 1 $aPlanisferi carte nautiche e affini. Dal secolo XIV Al XVII esistenti nella Biblioteca Apostolica Vaticana$fRoberto Almagią 205 $aModena : Biblioteca Apostolica Vaticana$b1981 210 $axi$d156 p. ; 42 cm 215 $aRistampa anastatica del 1944 316 $amgS$5IT-UONSI ATLIII/041 410 1$1001UON00021089$12001 $aMonumenta Cartographica Vaticana$vvol.I 620 $dModena$3UONL000425 686 $aATL III$cATLANTI E RACCOLTE STORICHE$2A 700 1$aAlmagią$bRoberto$3UONV007344$04190 712 $aBiblioteca Apostolica Vaticana$3UONV246918$4650 801 $aIT$bSOL$c20260313$gRICA 899 $aSIBA - SISTEMA BIBLIOTECARIO DI ATENEO E ARCHIVIO STORICO$2UONSI 912 $aUON00021102 950 $aSIBA - SISTEMA BIBLIOTECARIO DI ATENEO E ARCHIVIO STORICO$dSI ATL III 041 $eSI SA 43180 7 041 mgS 996 $aPlanisferi carte nautiche e affini. Dal secolo XIV Al XVII esistenti nella Biblioteca Apostolica Vaticana$91196741 997 $aUNIOR